LEADER 01048nam a2200253 i 4500 001 991002089259707536 005 20020503161007.0 008 940606s1975 it ||| | ita 035 $ab1031507x-39ule_inst 035 $aEXGIL97293$9ExL 040 $aBiblioteca Interfacoltà$bita 100 1 $aTortorici, Edoardo$0290242 245 10$aCastra Albana /$cEdoardo Tortorici ; lavoro eseguito e pubblicato con il contributo del C.N.R. 260 $aRoma :$bDe Luca,$cstampa 1975 300 $a179 p. :$bill., 1 c. geogr. ;$c34 cm. 490 0 $aForma Italiae ;$vRegio 1. vol. 11. 500 $aIn testa al front.: Unione accademica nazionale. Istituto di topografia antica dell'Università di Roma. 651 4$aAlbano Laziale$xTopografia 907 $a.b1031507x$b17-02-17$c27-06-02 912 $a991002089259707536 945 $aLE002 Fondo Brown 333$g1$iLE002-6710N$lle002$o-$pE0.00$q-$rn$so $t0$u0$v0$w0$x0$y.i10371308$z27-06-02 996 $aCastra Albana$9201063 997 $aUNISALENTO 998 $ale002$b01-01-94$cm$da $e-$fita$git $h0$i1